| 000 | 01168nam0a22002651 4500 | ||
|---|---|---|---|
| 001 | rc\4657847 | ||
| 005 | 20250612143852.0 | ||
| 021 |
_aRU _b[57-26834] |
||
| 035 | _a(NLR Aleph) 008695292 | ||
| 090 |
_a9264734 _c9264734 |
||
| 100 | _a20130416d1957 |||y0rusy50 ca | ||
| 101 | 0 | _arus | |
| 102 | _aRU | ||
| 105 | _ay z ||||| | ||
| 200 | 1 |
_aМеханизация работ с местными удобрениями в Чехословакии _e(Доклад инж. Я. Соуграда) |
|
| 210 |
_aМосква _cБ. и. _d1957 |
||
| 215 |
_a13 с. _d20 |
||
| 225 | 1 | _aМинистерство сельского хозяйства СССР. Совещание по вопросам наиболее эффективных способов использования минеральных органических и бактериальных удобрений. Май 1957 года [Доклады] | |
| 606 |
_aУдобрения местные _yЧехословацкая Республика _2psbo |
||
| 700 | 1 |
_aСоуград _bЯ. |
|
| 801 | 0 |
_aRU _bNLR _gpsbo |
|
| 801 | 1 |
_aRU _bELAR _2rusmarc |
|
| 852 |
_aNLR _j57-4/7039 |
||
| 942 | _cBOOK | ||
| 980 | _aNB | ||